CONABIO: Dos Décadas de Historia 1992 - 2012 (Registro nro. 8622)

Detalles MARC
000 -CABECERA
Campo de control 00995nam a22002297a 4500
005 - FECHA Y HORA DE LA ULTIMA TRANSACCION
Campo de control 20140827111722.0
008 - ELEMENTOS DE LONGITUD FIJA—INFORMACION GENERAL
Campo de control 140825|2012 xxu||||| |||| 00| 0 mx spa d
020 ## - ISBN
ISBN 9786077607595
041 ## - IDIOMA
Código de idioma para texto/pista de sonido o título separado Español
044 ## - PAÍS DE PUBLICACIÓN
País de publicación México
082 ## - NUMERO DE CLASIFICACION DECIMAL DEWEY
Número de clasificación 333.95
Número del ítem C73c
110 ## - ASIENTO PRINCIPAL--NOMBRE CORPORATIVO
Nombre corporativo o de jurisdicción como elemento de entrada México
Unidad subordinad Comisión Nacional para el Conocimiento y Uso de la Biodiversidad
245 ## - MENCION DE TITULO
Título CONABIO: Dos Décadas de Historia 1992 - 2012
Parte restante del título
Mención de responsabilidad Comisión Nacional para el Conocimiento y Uso de la Biodiversidad
260 ## - PUBLICACION, DISTRIBUCION, ETC. (PIE DE IMPRENTA)
Lugar de publicación, distribución, etc. México D.F
Nombre del editor, distribuidor, etc. Comisión Nacional para el Conocimiento y Uso de la Biodiversidad
Fecha de publicación, distribución, etc. 2012
300 ## - DESCRIPCION FISICA
Extensión 103 p.
Otros detalles físicos Fot (col), mapas, gráficas.
Dimensiones 27 cm.
504 ## - NOTA DE BIBLIOGRAFIA, ETC.
Nota de bibliografía Incluye referencias bibliográficas (pag 101-103)
650 #6 - ASIENTO SECUNDARIO DE MATERIA - TERMINO TEMATICO
Término temático o nombre geográfico como elemento de entrada Conservación de la biodiversidad biológica
Subdivisión geográfica México D.F
650 #6 - ASIENTO SECUNDARIO DE MATERIA - TERMINO TEMATICO
Término temático o nombre geográfico como elemento de entrada Gestión ambiental
Subdivisión geográfica México D.F
650 #6 - ASIENTO SECUNDARIO DE MATERIA - TERMINO TEMATICO
Término temático o nombre geográfico como elemento de entrada Desarrollo sostenible
Subdivisión geográfica México D.F
700 ## - ASIENTO SECUNDARIO - NOMBRE PERSONAL
Nombre personal Terroba-Arechavala, Bernardo
Término de relación Diseño de Portada
942 ## - ELEMENTOS ADICIONALES (KOHA)
Sistema de clasificación Dewey Decimal Classification
Tipo de ítem Libro
Existencias
Withdrawn status Lost status Sistema de Clasificación Damaged status No para préstamo Colección Inventariado Ubicación Permanente Ubicación actual Fecha de adquisición Fuente de Valor Valor Total Checkouts Número topográfico Inventario / Código de Barras Date last seen Ejemplar Price effective from Forma de adquisición Tipo de material
    Dewey Decimal Classification     General Inventariado 2017 Sala Fabio Quevedo Sala Fabio Quevedo 25/08/2014 Instituto 39000.00   LB-333.95 C73c 034119 25/08/2014 Ej. 1 25/08/2014   Libro